Statistics for South American Cities With Over 1m Population

Click here to take the quiz!

General Stats

  • This quiz has been taken 91 times
    (74 since last reset)
  • The average score is 24 of 33

Answer Stats

PopAnswer% Correct
7862277Bogota
100%
3054267Buenos Aires
100%
8894412Lima
100%
6476831Rio De Janeiro
100%
11967825Sao Paulo
100%
3289886Caracas
98%
2551721Quito
98%
5507282Santiago
97%
2914830Brasilia
93%
1617183Recife
92%
2057711Manaus
90%
1397560Montevideo
90%
2502577Belo Horizonte
88%
2333203Cali
86%
2434637Medellin
86%
2591188Fortaleza
83%
1414201Cordoba
80%
1467867Porto Alegre
80%
2921087Salvador
80%
1439561Belem
76%
1879355Curitiba
76%
2589229Guayaquil
76%
1653211Maracaibo
76%
1214523Barranquilla
68%
1073983Sao Luis
53%
1164098Campinas
51%
1430697Goiania
36%
1013773Maceio
29%
1116282Barquisimeto
22%
1324781Guarulhos
20%
1614224Santa Cruz de la Sierra
17%
1038381Sao Goncalo
17%
1010305Callao
8%

Score Distribution

Percentile by Number Answered

Percent of People with Each Score

Your Score History

You have not taken this quiz since the last reset